LEADER 02375nam 22004573 450 001 9910164089403321 005 20250605080351.0 010 $a1-61750-881-0 035 $a(CKB)3710000001056944 035 $a(BIP)054104679 035 $a(VLeBooks)9781617508813 035 $a(MiAaPQ)EBC32132465 035 $a(Au-PeEL)EBL32132465 035 $a(OCoLC)1522805878 035 $a(EXLCZ)993710000001056944 100 $a20250605d2012 uy 0 101 0 $aeng 135 $aurcnu|||||||| 181 $ctxt$2rdacontent 182 $cc$2rdamedia 183 $acr$2rdacarrier 200 10$aGunmetal Magic $eA Novel in the World of Kate Daniels 205 $a1st ed. 210 1$aNEW YORK :$cNancy Yost Literary Agency,$d2012. 210 4$dİ2012. 215 $a1 online resource (448 p.) 225 1 $aKate Daniels World Series 330 8 $a***Includes a free bonus: a Kate Daniels novella, "Magic Gifts"***New York Times bestselling author, Ilona Andrews, invites readers on an action-packed trip into the unexplored corners of Kate Daniels' "top notch urban fantasy*" World.Out of the frying pan...After being booted from the Knights of Merciful Aid for the 'sin' of simply being a shapeshifter, Andrea Nash refuses to sit back and lick her wounds. Everything she's worked for may have vanished, but if Life hands you lemons, Andrea is ready to make lemon grenades. So, while she pulls herself back from the brink, she's working for her best friend Kate Daniels' investigative firm, Cutting Edge.Into the inferno...But when shapeshifters who work for Raphael Medrano, the male Alpha of Clan Bouda - and Andrea's former lover - are killed unexpectedly, Andrea lands the worst case of her life. To capture the mysteriously powerful killer, Andrea and Raphael must work together--and avoid killing each other before their target does. But what's a little sacrifice when you're saving the world? 410 0$aKate Daniels World Series 606 $aFICTION / Fantasy / Contemporary$2bisacsh 606 $aFICTION / Fantasy / Paranormal$2bisacsh 615 7$aFICTION / Fantasy / Contemporary 615 7$aFICTION / Fantasy / Paranormal 700 $aAndrews$b Ilona$01240374 801 0$bMiAaPQ 801 1$bMiAaPQ 801 2$bMiAaPQ 906 $aBOOK 912 $a9910164089403321 996 $aGunmetal Magic$93588641 997 $aUNINA